ARRUPE JESUIT UNIVERSITY

CORONAVIRUS -STOP THE SPREAD - CLEAN,DISINFECT,COVER

The life of Jameson, (Record no. 120297)

MARC details
000 -LEADER
fixed length control field 00866cam a22002651 4500
001 - CONTROL NUMBER
control field 7789417
003 - CONTROL NUMBER IDENTIFIER
control field ARRUPE
005 - DATE AND TIME OF LATEST TRANSACTION
control field 20140326172725.0
008 - FIXED-LENGTH DATA ELEMENTS--GENERAL INFORMATION
fixed length control field 721110s1922 enkabc 000 0beng
010 ## - LIBRARY OF CONGRESS CONTROL NUMBER
LC control number 22022711
035 ## - SYSTEM CONTROL NUMBER
System control number (OCoLC)491804
040 ## - CATALOGING SOURCE
Original cataloging agency DLC
Transcribing agency OAU
Modifying agency OCoLC
-- DLC
042 ## - AUTHENTICATION CODE
Authentication code premarc
050 00 - LIBRARY OF CONGRESS CALL NUMBER
Classification number DT776.J3
Item number C6
300 ## - PHYSICAL DESCRIPTION
Other physical details fronts., illus. (maps) ports.
Dimensions 23 cm.
100 1# - MAIN ENTRY--PERSONAL NAME
Personal name Colvin, Ian Duncan,
Dates associated with a name 1877-1938.
9 (RLIN) 9489
245 04 - TITLE STATEMENT
Title The life of Jameson,
Statement of responsibility, etc by Ian Colvin ...
260 ## - PUBLICATION, DISTRIBUTION, ETC. (IMPRINT)
Place of publication, distribution, etc London,
Name of publisher, distributor, etc E. Arnold and co.,
Date of publication, distribution, etc 1922.
300 ## - PHYSICAL DESCRIPTION
Extent 2 v.
600 10 - SUBJECT ADDED ENTRY--PERSONAL NAME
Personal name Jameson, Leander Starr,
Titles and other words associated with a name Sir, bart.,
Dates associated with a name 1853-1917.
9 (RLIN) 9490
600 10 - SUBJECT ADDED ENTRY--PERSONAL NAME
Personal name Rhodes, Cecil,
Dates associated with a name 1853-1902.
9 (RLIN) 9491
650 #0 - SUBJECT ADDED ENTRY--TOPICAL TERM
Topical term or geographic name as entry element Jameson's Raid, 1895-1896.
9 (RLIN) 9492
651 #0 - SUBJECT ADDED ENTRY--GEOGRAPHIC NAME
Geographic name South Africa
General subdivision Politics and government.
9 (RLIN) 9493
906 ## - LOCAL DATA ELEMENT F, LDF (RLIN)
a 7
b cbc
c oclcrpl
d u
e ncip
f 19
g y-gencatlg
942 ## - ADDED ENTRY ELEMENTS (KOHA)
Source of classification or shelving scheme Library of Congress Classification
Koha item type REFERENCE
Holdings
Withdrawn status Lost status Source of classification or shelving scheme Damaged status Not for loan Collection code Home library Current library Shelving location Date acquired Total Checkouts Full call number Barcode Date last seen Price effective from Koha item type
    Library of Congress Classification     SPECIAL Collection ARRUPE LIBRARY ARRUPE LIBRARY Main Collection 26/03/2014   SPC DT776.J3 C6 46500001831 05/07/2018 26/03/2014 REFERENCE
    Library of Congress Classification     SPECIAL Collection ARRUPE LIBRARY ARRUPE LIBRARY Main Collection 26/03/2014   SPC DT776.J3 C6 46500001835 26/03/2014 26/03/2014 REFERENCE

 

Arrupe Library. PO Box MP320 Mt Pleasant, Harare, Zimbabwe
263 242 745411|librarian@aju.ac.zw